00655nam a22001577a 450000500170000000800410001702000480005802000290010605000200013524501330015525000110028826000700029930000280036965000540039770000460045120190903101250.0190903b sp ||||| |||| 00| 0 spa d a9788477237723 ( Universidad de Extremadura) a9788498491432 (Dykinson)04aK3255bD47 200700aDerecho de la informaciónb: una perspectiva comparada de España e Iberoaméricac/ coordinador Julián Rodríguez Pardo. a1a ed. aMadrid, España :bUniversidad de Extremadura :bDykinson,c2007 a280 p. :bil. ;c24 cm. 72lembaLibertad de informaciónzAmérica Latina1 aRodríguez Pardo, Julián,ecoordinador